| 000 | 00429nam a2200181Ia 4500 | ||
|---|---|---|---|
| 003 | OSt | ||
| 005 | 20260108094159.0 | ||
| 008 | 210210b1948 xxu||||| |||| 00| 0 eng d | ||
| 040 | _cAL | ||
| 082 | _a150/10 | ||
| 100 |
_aBowley A H _9250695 |
||
| 245 | _aModern child psychology. | ||
| 260 |
_bNot Mentioned _c1948 |
||
| 650 |
_aChild psychology _9250696 |
||
| 690 |
_aPsychology _9250697 |
||
| 906 | _a000959 | ||
| 942 |
_2ddc _cBK |
||
| 999 |
_c77474 _d77474 |
||